Moderná učebnica šachu

Guardado en:
Detalles Bibliográficos
Formato: Libro
Lenguaje:eslovaco
Publicado: Bratislava Šport 1987
Colección:Tréner
Etiquetas: Agregar Etiqueta
Sin Etiquetas, Sea el primero en etiquetar este registro!

MARC

LEADER 00000nam a2200000 4500
001 c111174
005 20260123083622.4
041 0 |a slo 
044 |a SK 
245 1 0 |a Moderná učebnica šachu  |c Ján Šefc 
264 1 |a Bratislava  |b Šport  |c 1987 
300 |a 180 s. 
490 1 |a Tréner 
830 0 |a Tréner